Sports Quiz

Random Sports or NHL Quiz

Two Word Big 4 Locations Quiz Stats

 Plays Quiz Updated Apr 17, 2018

Also try: 'B' Big 4 on a Map
Challenge
Share
Tweet
Embed
Score 0/33 Timer 05:00
11 Plays Today
League Two Word Big 4 City/Location % Correct
NFLNew York Giants
93.8%
MLBSan Francisco Giants
92.5%
MLBNew York Yankees
89.6%
NFLNew York Jets
88.7%
MLBNew York Mets
88.1%
NFLLos Angeles Rams
87.5%
NBALos Angeles Lakers
84.8%
NBANew York Knicks
84%
NFLLos Angeles Chargers
83.8%
MLBLos Angeles Dodgers
82.7%
NFLSan Francisco 49ers
80.7%
NFLTampa Bay Buccaneers
80.4%
NBALos Angeles Clippers
79.7%
NHLNew York Rangers
79.1%
MLBLos Angeles Angels
75.5%
NBAGolden State Warriors
75.3%
MLBSan Diego Padres
75.2%
League Two Word Big 4 City/Location % Correct
NHLNew York Islanders
74.8%
NHLLos Angeles Kings
74.4%
NFLNew Orleans Saints
73.7%
MLBTampa Bay Rays
73.1%
NBASan Antonio Spurs
72.9%
NFLNew England Patriots
72.2%
MLBSt. Louis Cardinals
70.5%
NFLKansas City Chiefs
69.8%
NFLGreen Bay Packers
68.9%
NBANew Orleans Pelicans
68.6%
NHLNew Jersey Devils
66.5%
MLBKansas City Royals
66.4%
NBAOklahoma City Thunder
63.9%
NHLTampa Bay Lightning
63.7%
NHLSan Jose Sharks
62.8%
NHLSt. Louis Blues
61.3%

You're not logged in!

Compare scores with friends on all Sporcle quizzes.
Join for Free
OR
Log In

You Might Also Like...

Show Comments

Extras

Top Quizzes Today


Score Distribution

Your Account Isn't Verified!

In order to create a playlist on Sporcle, you need to verify the email address you used during registration. Go to your Sporcle Settings to finish the process.

Report this User

Report this user for behavior that violates our Community Guidelines.

Details: